01870nab a2200253uuc4500001000800000005001700008008004100025035001200066040001300078041000800091100005500099245009000154520095900244650002101203650003201224650003601256650003101292700005401323700005301377700005301430773010401483942001001587999001901597152934120240202133111.0190709e20180905 eng  a1529341 ccomduadb aeng10aCastro Molano, Liliana del Pilar4auteaut976033110aSynergistic effects in anaerobic codigestion of chicken manure with industrial wastes3 aLa sinergia en la codigestión anaeróbica se describe como interacciones positivas entre sustrato y co sutratos. Los efectos sinérgicos aumentan la producción de metano con respecto a la monodigestión. Actualmente, se cuenta con un conocimiento limitado sobre las aplicaciones de la sinergia como parámetro para la solución de problemas operativos en sistemas anaerobios. En este estudio se determinó la sinergia en la codigestión anaeróbica de gallinaza con residuos industriales (melaza de caña de azúcar, lactosuero, y glicerol crudo). Las proporciones de mezclas fueron determinadas a partir de un diseño de mezcla simplex. La sinergia se evaluó en términos de composición de sustrato e inhibición de amoniaco. La sinergia se evidencia cuando reduce la inhibición del amoníaco y aumenta la producción de metano a medida que incrementa la carga orgánica, siendo el efecto más favorable en mezclas terciarias. aGallinaza922777 aResiduos industriales91482 aTratamiento anaeróbico985270 aDiseño de mezcla922946510aEscalante Hernández, Humberto4auteaut957199910aLambis Benítez, Luis Enrique4auteaut978904810aMarín Batista, José Daniel4auteaut97886680 tDYNA (Medellín)gVolumen 085, Número 206, Septiembre de 2018, 135-141w188384x0012-7353082258 cARIMP c811265d811265